The Simpsons: Let's Face It Quiz Stats

Quiz not verified by Sporcle

Challenge
Share
Tweet
Score 0/20 Timer 10:00
0 Plays Today
% Correct
Montgomery Burns
98.1%
Homer Simpson
96.5%
Milhouse Van Houten
94%
Chief Clancy Wiggum
70.7%
Abraham Simpson
64.7%
Ned Flanders
62.3%
Selma Bouvier-Terwilliger-Hutz-McClure-Stu-Simpson-D'Amico
57.7%
Helen Lovejoy
56.9%
Professor John Frink
53.8%
Moe Szyslak
52.7%
% Correct
Nelson Muntz
46.6%
Blue-Haired Lawyer
44.5%
Krusty the Clown
44.3%
Mayor Joe Quimby
43.4%
Carl Carlson
39.7%
Waylon Smithers
27.4%
Troy McClure
19.7%
Apu Nahasapeemapetilon
7.5%
Kent Brockman
5.8%
Dr. Julius Hibbert
3.5%

You're not logged in!

Compare scores with friends on all Sporcle quizzes.
Sign Up with Email
OR
Log In

You Might Also Like...

Show Comments

Extras

Top Quizzes Today


Score Distribution

Your Account Isn't Verified!

In order to create a playlist on Sporcle, you need to verify the email address you used during registration. Go to your Sporcle Settings to finish the process.